000 01171cad a22002775a 4500
001 L153188
008 110621s2010 xxk f 000 0 eng d
020 _a9781934926260
035 _a(Sirsi) u153188
041 0 _aeng
110 0 _aMcGraw-Hill Construction
_95916
245 0 0 _aGreen BIM
_bhow building information modeling is contributing to green design and construction
_h[electronic resource]
260 _aBedford, MA
_bMcGraw-Hill
_c2010
490 0 _aSmartMarket Report
520 _aLooks at the emerging trend of green building information modelling in the United States; green building project teams are increasingly discovering how BIM tools can help them achieve more sustainable outcomes; includes case studies.
590 _aKA NTK
650 _aBUILDING INFORMATION MODELLING
650 2 4 _aBIM
_96219
651 4 _aUnited States 1959-
690 _aBIM
_96219
690 _aSustainability
_96271
700 1 _aBernstein, Harvey M
710 1 _aAutodesk
856 4 0 _uhttps://construction.com/market_research/FreeReport/GreenBIM/MHC_GreenBIM_SmartMarket_Report_2010.pdf
_zView this item free of charge at bim.construction.com
942 _n0
999 _c112416
_d112416